| 000 | 01248nas1a22003011i 4500 | ||
|---|---|---|---|
| 001 | RU\NLR\INFOCOMM18\1000038017 | ||
| 005 | 20260406121146.0 | ||
| 035 | _a(NLR Aleph) 002279480 | ||
| 090 |
_a4028186 _c4028186 |
||
| 100 | _a20031205b19301950|||y0rusy50 ca | ||
| 101 | 0 |
_aeng _grus |
|
| 102 | _aRU | ||
| 110 | _azyu||||0|y0 | ||
| 200 | 1 |
_aТруды Тихоокеанского комитета _fАкад. наук СССР |
|
| 207 | 1 | _a1-6 | |
| 210 |
_aМ. _aЛ. _cИзд-во Акад. наук СССР _d1930-1950 |
||
| 710 | 0 | 2 |
_aАН СССР _bТихоокеанский комитет _3RU\NLR\AUTH\8813692 _9300431 |
| 791 | 0 | 2 |
_aAcademy of sciences of the USSR _bPacific committee _7ba _3RU\NLR\AUTH\8813693 _9300432 |
| 801 | 2 |
_aRU _bNLR _c20080409 _2rusmarc |
|
| 801 | 1 |
_aRU _bInfoComm _c20031205 |
|
| 801 | 0 |
_aRU _bNLR _gPSBO |
|
| 852 |
_aNLR _jП2/73 |
||
| 942 | _cSE | ||
| 980 | _aRUSPER | ||